01019nam a2200217 a 45000010005000000030005000050050017000100080041000270200015000680400020000832450075001032600041001783000011002194900047002305000333002776500030006107000038006409420013006789990015006919520095007065123CDMR20131107135142.0130130s1977||||||||||||||||||||||||||||d a8470750593 aCDMRbcatcCDMR 0aLenguaje en periodismo escritocFernando Lázaro Carreter... [et al.] aMadridc1977bFundación Juan March a165 p. aUniversitaria (Fundación Juan March)v37 aTreballs del seminari Lenguaje en el Periodismo Escrito, organitzat per la Fundación Juan March i celebrat durant els dies 30 i 31 de maig de 1977 Autors dels treballs: Fernando Lázaro Carreter, Luis Michelena Elissalt, Robert Escarpit, Eugenio de Bustos, Víctor de la Serna, Emilio Alarcos Llorach, Juan Luis Cebrián. 0492326aPremsa i llenguatge1 91925aLázaro Carreter, Fernando cMON2udc c5123d5123 00104070aCDMRbCDMRd2013-01-16l0oDc 6 /30pCDMR13119309r2013-01-16w2013-01-16yMON